Werenoi - faf - Statistiques

Statistiques générales
  • Ce quiz a été pris 147 fois
  • Le résultat moyen est 219 sur 405
Statistiques - réponses
Réponse % Correct
de
94%
le
88%
des
85%
l'humain
85%
ce
81%
c'est
80%
coeur
80%
plus
80%
celui
79%
est
79%
noir
79%
les
78%
dans
77%
proches
77%
qui
77%
la
75%
a
70%
à
70%
poches
70%
faire
69%
je
69%
pas
69%
fafs
68%
t'a
68%
ta
68%
regarde
67%
t'allume
67%
j'ai
65%
fallait
63%
mis
62%
beaucoup
60%
moi
60%
chose
59%
on
58%
coquille
57%
il
57%
qu'à
56%
que
56%
confie
54%
mais
54%
du
53%
gagné
53%
j'suis
53%
et
52%
ça
51%
j'connais
51%
pour
51%
renoi
51%
se
51%
KO
49%
au
48%
bon
48%
conquis
48%
fer
48%
j'me
48%
mon
48%
toujours
48%
connais
47%
gamos
47%
glacial
47%
j'avais
47%
perdre
47%
quelque
47%
un
47%
amical
46%
chaque
46%
fait
46%
j'savais
46%
mano
46%
mort
46%
perle
46%
quand
46%
tu
46%
condés
44%
facial
44%
j'étais
44%
lui
44%
sale
44%
terre
44%
très
44%
sommes
43%
suis
43%
vendu
43%
en
42%
m'faut
42%
pris
42%
d'fafs
41%
d'fans
41%
faciès
41%
sais
41%
casse
40%
d'aide
40%
envoie
40%
fient
40%
j'demandais
40%
laisse
40%
ligue
40%
40%
son
40%
tes
40%
t'es
40%
vois
40%
combien
38%
fais
38%
j'la
38%
neige
38%
qu'on
38%
si
38%
sport
38%
changer
37%
choses
37%
parlent
37%
tout
37%
champs
36%
l'argent
36%
l'audi
36%
ont
36%
prend
36%
qu'ils
36%
sur
36%
l'espoir
35%
monter
35%
boeuf
33%
cartel
33%
combinaison
33%
j'galère
33%
beige
32%
j'les
32%
kobe
32%
font
31%
l'odeur
31%
hall
30%
mes
30%
ouais
28%
vivre
28%
cone
27%
fumée
26%
j'claque
26%
j'fais
26%
ronds
25%
t'as
25%
dents
23%
j'faisais
23%
paos
23%
t'étais
23%
j'inhale
22%
toute
21%
assis
20%
bien
20%
journée
20%
l'héro
19%
paye
19%
j'ignore
17%
l'aide
17%
sheytana
17%
nos
16%
pelle
16%
sièges
16%
tombe
16%
creuses
15%
Aucun quiz correspondant
Distribution des résultats
% des personnes avec chaque résultat
Percentile par nombre de réponses
Votre historique - résultats
Vous n’avez pas pris ce quiz